000 00767nam a22002417a 4500
003 UA-OsUOA
001 20674
007 ta
008 20031103b un ||||| |||| 00| 0 ukr d
100 _aФилиппов Б.М.
090 _a929:5
_bФ53
942 _cBK
040 _aUA-OsUOA
_brus
_cUA-OsUOA
_dUA-OsUOA
245 _aТернистый путь русского ученого
_bЖизнь и деятельность М.М. Филиппова
_cРед. С.Г.Струмилин, Лауреат Ленинской премии
300 _a120 с.
955 _a0
041 _arus
080 _a929:5
260 _aМосква
_bИздательство Академии Наук СССР
_c1960
044 _aRU
650 7 _2UDC
999 _c306854
_d306854